| 000 | 01252nam a22002897a 4500 | ||
|---|---|---|---|
| 005 | 20230302063549.0 | ||
| 008 | 230209s2019 mx aco|| |||| 00| 0 spa d | ||
| 020 | _a9786075491219 | ||
| 040 |
_aMX-MxUPN _cMX-MxUPN _bspa |
||
| 041 | 0 | _aspa | |
| 050 | 4 |
_aF1234 Z37 _bC54 2019 |
|
| 245 | 0 | 2 |
_aA 100 años : _biconografía de Emiliano Zapata |
| 246 |
_aA cien años : _biconografía de Emiliano Zapata |
||
| 250 | _aPrimera edición | ||
| 260 |
_aCiudad de México, México : _bInstituto Nacional de Estudios Históricos de las Revoluciones de México : _bSecretaría de Cultura, _c2019. |
||
| 300 |
_a118 páginas : _bilustraciones, retratos, facsímiles, fotografías en blanco y negro |
||
| 490 | _aClásicos del zapatismo | ||
| 600 | 1 | 0 |
_947804 _aZapata, Emiliano, _d1879-1919 _vObras ilustradas |
| 600 | 1 | 0 |
_947806 _aZapata, Emiliano, _d1879-1919 _vRetratos |
| 650 | 0 |
_947798 _aMéxico _xHistoria _xRevolución, 1910-1920 _vObras ilustradas |
|
| 650 | 0 |
_947808 _aRevolucionarios _zMéxico _vObras ilustradas |
|
| 700 | 1 |
_aÁvila Espinosa, Felipe Arturo, _d1958- _epresentador _936361 |
|
| 700 | 1 |
_aCastro Zapata, Édgar _epresentador _947809 |
|
| 902 |
_aGabrielCapula/090223 _bNoemíAcosta/130223 |
||
| 942 |
_2lcc _cLIBRO _n0 |
||
| 999 |
_c209103 _d209103 |
||